Enviromentalism with Chinese characteristics - a review of Matthew E. Kahn and Siqi Zheng's Blue skies over Beijing: economic growth and the environment in China (Record no. 509823)

000 -LEADER
fixed length control field 00525nam a2200145 4500
008 - FIXED-LENGTH DATA ELEMENTS--GENERAL INFORMATION
fixed length control field 190616b ||||| |||| 00| 0 eng d
100 ## - MAIN ENTRY--PERSONAL NAME
Personal name Coxhead, Ian
245 ## - TITLE STATEMENT
Title Enviromentalism with Chinese characteristics - a review of Matthew E. Kahn and Siqi Zheng's Blue skies over Beijing: economic growth and the environment in China
260 ## - PUBLICATION, DISTRIBUTION, ETC. (IMPRINT)
Date of publication, distribution, etc 2019
300 ## - PHYSICAL DESCRIPTION
Extent p.161-184.
650 ## - SUBJECT ADDED ENTRY--TOPICAL TERM
Topical term or geographic name as entry element Economic growth - China
9 (RLIN) 6280
773 ## - HOST ITEM ENTRY
Main entry heading Journal of Economic Literature
906 ## - LOCAL DATA ELEMENT F, LDF (RLIN)
Subject DIP Environment - China
942 ## - ADDED ENTRY ELEMENTS (KOHA)
Source of classification or shelving scheme
Item type Articles
Holdings
Withdrawn status Lost status Source of classification or shelving scheme Damaged status Not for loan Permanent location Current location Date acquired Serial Enumeration / chronology Barcode Date last seen Koha item type
          Indian Institute of Public Administration Indian Institute of Public Administration 2019-06-16 57(1), Mar, 2019: p.161-184. AR119891 2019-06-16 Articles

Powered by Koha